MDQL
is popping MORE tags! Check the
thread
!
Quizzes
Events
Quiz Creation
Community
Videos
Private Events
Remove Ads
Sign In
Join for FREE
Feedback
Dark Mode
Quiz Categories
Sports
Geography
Music
Movies
Television
Just For Fun
Miscellaneous
History
Literature
Language
Science
Gaming
Entertainment
Religion
Holiday
For Kids
Quiz Lab
Recent
Popular Today
Quiz Kudos Today
Editor Picks
Curator Picks
Quizzes by...
Day
Popularity
Type
Ratings
Length
Year
Community
Subscriptions
Recent Discussions
Orange Saloon
Badges
Playlists
Quests
Create
Leaderboards
Showdown
Live 5
Trivia Bingo
Activity
Puzzle Library
Sporcle Events
Private Events
Virtual Trivia
Globe League
Become a Host
Pub Owners
SporcleCon
Opinionation
Our Games
Videos
Blog
Mobile Apps
Partnerships
Remove Ads and Go Orange
Feedback
Geography
Country
Landmarks
City
State
Population
World
Capital
Continent
Flags
Europe
Africa
Asia
South America
North America
Oceania
Border
Canada
United Kingdom
Topography
United States
Geography
Country
Landmarks
City
State
Population
World
Capital
Continent
Flags
Europe
Africa
Asia
South America
North America
Oceania
Border
Canada
United Kingdom
Topography
United States
Random Quiz
Search Sporcle
×
Quiz Lab
Quiz Lab
Geography
State
Type in answers that appear in a list
Type in answers that appear in a list
Classic
Best Score? Go Orange.
U.S. Metros- South Stats
Can you name the largest metropolitan areas in the south over 600,000?
By
erikjc
3m
29 Questions
1,289 Plays
1,289 Plays
1,289 Plays
Comments
Comments
Give Quiz Kudos
Give Quiz Kudos
-
- Ratings
hide this ad
More Info
Replay
Link that replays current quiz
Next Quiz
Link to next quiz in quiz playlist
You Got
0%
They Got
Avg Score
86%
Avg Friend Score
Upgrade to see
Score Distribution
Jump to the score distribution portion of the page
Score
0/29
Timer
03:00
0
Plays Today
State(s)
Metro
% Correct
FL
Miami-Fort Lauderdale-Pompano Beach
99.5%
GA
Atlanta-Sandy Springs-Marietta
98.8%
LA
New Orleans-Metairie-Kenner
97.9%
FL
Tampa-St. Petersburg-Clearwater
97.3%
FL
Orlando-Kissimmee-Sanford
97.3%
TN
Nashville-Davidson-Murfreesboro-Franklin
97.2%
TN-
MS-
AR
Memphis
96.7%
FL
Jacksonville
95.5%
TX
Dallas-Fort Worth-Arlington
95.2%
TX
Houston-Sugar Land-Baytown
94.9%
NC-
SC
Charlotte-Gastonia-Rock Hill
94.7%
NC
Raleigh-Cary
93.8%
VA
Richmond
93.2%
OK
Oklahoma City
92.4%
TX
San Antonio-New Braunfels
92.3%
State(s)
Metro
% Correct
AL
Birmingham-Hoover
92.2%
TX
Austin-Round Rock-San Marcos
92.2%
LA
Baton Rouge
91.7%
VA-
NC
Virginia Beach-Norfolk-Newport News
90.1%
SC
Columbia
88.4%
TX
El Paso
87%
AR
Little Rock-North Little Rock-Conway
86.3%
OK
Tulsa
86.1%
SC
Charleston-North Charleston-Summerville
84.3%
TN
Knoxville
80.8%
NC
Greensboro-High Point
72%
SC
Greenville-Mauldin-Easley
53.5%
TX
McAllen-Edinburg-Mission
37.9%
FL
Bradenton-Sarasota-Venice
33.7%
Quiz Playlist
Details
Report
Send in Message
Add To Playlist
More Info:
Based on 2009 MSA populations. States included: VA, NC, SC, GA, FL, TN, AL, MS, LA, AR, OK, TX
Classic:
Type in answers that appear in a list
Quiz Source
Last Updated: Dec 10, 2018
Quiz Scoreboard
CHALLENGE
Sign Up to Join the Scoreboard
Show All
Scores
Hide
Comments
May contain spoilers
Recently Published
Colored Red Africa Blitz
by spor1
Geography
30s
Find the 'City' Movie
by crazypaving
Movies
60s
5x2 Blitz: Bands
by SL_Kpop136
Music
30s
More to Explore
Quiz From the Vault
Featured Blog Post
14 Easter Pick-up Lines to Find Eggs With
hide this ad
You Might Also Like...
Tags
Population Quiz
State Quiz
2009
area
largest
metro
metropolitan
southeast
Today's Top Quizzes in Geography
Browse Geography
hide this ad
Today's Top Quizzes in State
Browse State
Top Contributed Quizzes in Geography
1
Colored Red Europe Blitz I
2
Countries of the World - No Outlines Minefield
3
Colored Red Africa Blitz II
4
Colored Red Europe Blitz II
5
Colored Red Europe Blitz III
6
Colored Red Africa Blitz III
7
Colored Red States Blitz I
8
A Different View: World Oceans
9
Colored Red States Blitz II
10
Lietuvos savivaldybės (Lithuanian Municipalities)
Explore More
Trending Topics
Kpop
NBA
Crossword
Anime
Marvel
Disney
Harry Potter
Song
Soccer
Country
Puzzle
NFL
WWE
Pokémon
The Office
hide this ad
More By:
erikjc
Quiz
Plays
Rating
Category
Featured
Created
Largest US Capitals
95,126
4.49
Geography
Oct 6, 2009
World's Largest Airlines
87,363
3.54
Miscellaneous
Oct 6, 2009
Which Metro is Larger?
36,156
2.04
Geography
Mar 4, 2010
South Carolina Cities
14,437
4.50
Geography
Oct 5, 2009
States with most/least African Americans
13,918
4.38
Geography
Nov 1, 2009
Go to Creator's Profile
Score Distribution
Quiz Creator Spotlight
erikjc
Follow
Send a Message
Quizzes Created
-
Created Quiz Play Count
-
More By This Creator
Popular Quizzes Today
1
Colored Red Africa Blitz
2
Find the US States - No Outlines Minefield
3
Find the 'City' Movie
4
5x2 Blitz: Bands
5
The Countries of the World
6
Find the US States
7
Find the Countries of Europe - No Outlines Minefield
8
US States
More Geography Quizzes
All about... Salvador
Quiz Lab
Trending Quizzes
Colored Red Europe Blitz I
Colored Red Europe Blitz II
Colored Red Africa Blitz II
Colored Red Europe Blitz III
Colored Red Africa Blitz III
Recently Updated
How Do You Spell That?
pecheneg
Godzilla Movies
pecheneg
Grab Bag: 4-10 Letters
pecheneg
2024 March Madness Bracket
pecheneg
Famous TV Couples
Peacemaker
Champions League XIs: Real Madrid
pecheneg
Largest US Cities 1790-2010
pecheneg
Rides in Walt Disney World
pecheneg
Most Oscar Losses (Acting)
pecheneg
Beyoncé Albums
pecheneg
Trending Topics
NBA
Anime
Crossword
Kpop
Disney
Marvel
Harry Potter
Pokémon
Puzzle
Song
Soccer
WWE
NFL
Country
The Office
Your Account Isn't Verified!
In order to create a playlist on Sporcle, you need to verify the email address you used during registration. Go to your
Sporcle Settings
to finish the process.
Report this User
Report this user for behavior that violates our
Community Guidelines
.
Details:
Send Report
Go to the Sporcle.com Mobile Site →
Comments